| 000 | 00895nam a2200277 i 4500 | ||
|---|---|---|---|
| 001 | bg | ||
| 100 | 1 | _aJUCHNOWICZ, Marta | |
| 245 | 1 | 0 |
_aNarzędzia i praktyka zarządzania zasobami ludzkimi : _bpraca zbiorowa / _cMarta Juchnowicz, Tomasz Rostkowski, Łukasz Sienkiewicz ; pod red. Marty Juchnowicz. |
| 260 |
_aWarszawa : _b"Poltext", _c2003. |
||
| 300 |
_a224 s. : _bil. ; _c24 cm. |
||
| 490 | 1 | _aCzłowiek w Firmie | |
| 504 | _aBibliogr. | ||
| 650 | 9 |
_aKadry _xpolityka |
|
| 650 | 9 |
_aPrzedsiębiorstwo _xzatrudnienie |
|
| 700 | 1 | _aROSTKOWSKI, Tomasz | |
| 700 | 1 | _aSIENKIEWICZ, Łukasz | |
| 830 | _aCzłowiek w Firmie | ||
| 020 | _a8388840347 | ||
| 040 | _cBPK | ||
| 041 | 0 | _apol | |
| 080 | _a658.3.012.4 | ||
| 920 | _a83-88840-34-7 | ||
| 942 | _cKS | ||
| 008 | s pl f |000 0 pol | ||
| 999 |
_c43559 _d43559 |
||
| 856 |
_uhttp://koha.tu.koszalin.pl/cgi-bin/koha/opac-detail.pl?biblionumber=43559 _yKatalog online BPK |
||